000 00295nam a2200121Ia 4500
008 190216s9999||||xx |||||||||||||| ||und||
100 _aShehzad Ahmed
245 0 _a"Encyclopedia Of Atomic Physics Vol 1,2,3"
260 _bAnmol Publications
300 _a320
650 _aPhysics
942 _cBK
999 _c34095
_d34095